Statistics for New Super Smash Bros. Ultimate Stages

Click here to take the quiz!

General Stats

  • This quiz has been taken 98 times
    (55 since last reset)
  • The average score is 12 of 16

Answer Stats

SeriesStage% Correct
CastlevaniaDracula's Castle
97%
Banjo-KazooieSpiral Mountain
93%
MinecraftMinecraft World
87%
SplatoonMoray Towers
87%
King of FightersKing of Fighters Stadium
83%
Super MarioNew Donk City Hall
83%
Super Smash Bros.Small Battlefield
83%
The Legend of ZeldaGreat Plateau Tower
80%
PersonaMementos
80%
Dragon QuestYggdrasil’s Altar
77%
TekkenMishima Dojo
73%
ARMSSpring Stadium
73%
Fire EmblemGarreg Mach Monastery
70%
Kingdom HeartsHollow Bastion
63%
Xenoblade ChroniclesCloud Sea of Alrest
60%
Final FantasyNorthern Cave
57%

Score Distribution

Percentile by Number Answered

Percent of People with Each Score

Your Score History

You have not taken this quiz since the last reset